书目信息 |
| 题名: |
光纤通信系统
|
|
| 作者: | 王晟 , 邱琪 , 邱昆 编著 | |
| 分册: | ||
| 出版信息: | 成都 电子科技大学出版社 2005.12 |
|
| 页数: | 328页 | |
| 开本: | 26cm | |
| 丛书名: | ||
| 单 册: | ||
| 中图分类: | TN929.11 | |
| 科图分类: | ||
| 主题词: | 光纤通信--guang xian tong xin--通信系统 | |
| 电子资源: | ||
| ISBN: | 7-81094-797-4 | |
| 000 | 00871nam0 2200253 450 | |
| 001 | 012007014860 | |
| 005 | 20070521155910.26 | |
| 010 | @a7-81094-797-4@dCNY29.50 | |
| 100 | @a20060317d2005 km y0chiy0120 ea | |
| 101 | 0 | @achi |
| 102 | @aCN@b510000 | |
| 105 | @aa a 000yy | |
| 200 | 1 | @a光纤通信系统@Aguang xian tong xin xi tong@f邱昆, 王晟, 邱琪编著@Fqiu kun,wang sheng,qiu qi bian zhu |
| 210 | @a成都@c电子科技大学出版社@d2005.12 | |
| 215 | @a328页@c图@d26cm | |
| 320 | @a有书目 (第328页)。 | |
| 330 | @a本书共有7章,主要内容有:绪论;光纤通信基础;光放大器与波分复用技术;光交换技术;光网络技术;光纤以太网等。 | |
| 606 | 0 | @a光纤通信@Aguang xian tong xin@x通信系统 |
| 690 | @aTN929.11@v4 | |
| 701 | 0 | @a王晟@Awang sheng@4编著 |
| 701 | 0 | @a邱琪@Aqiu qi@4编著 |
| 701 | 0 | @a邱昆@Aqiu kun@4编著 |
| 801 | 0 | @aCN@c20070521 |
| 905 | @a10447@dTN929.11@eQ725 | |
| 光纤通信系统/邱昆, 王晟, 邱琪编著.-成都:电子科技大学出版社,2005.12 |
| 328页:图;26cm |
| ISBN 7-81094-797-4:CNY29.50 |
| 本书共有7章,主要内容有:绪论;光纤通信基础;光放大器与波分复用技术;光交换技术;光网络技术;光纤以太网等。 |
| ● |
| 相关链接 |
|
|
|
正题名:光纤通信系统
索取号:TN929.11/Q725
 
预约/预借
| 序号 | 登录号 | 条形码 | 馆藏地/架位号 | 状态 | 备注 |
| 1 | 238508 | 202385089 | 自科库301/301自科库 999排9列1层/ [索取号:TN929.11/Q725] | 在馆 | |
| 2 | 238509 | 202385098 | 自科库301/301自科库 999排9列1层/ [索取号:TN929.11/Q725] | 在馆 |